Albanie visage des Balkans : ecrits de lumiere

Αποθηκεύτηκε σε:
Λεπτομέρειες βιβλιογραφικής εγγραφής
Άλλοι συγγραφείς: Kadare, Ismail (Επιμελητής έκδοσης), Marubi, Gege (Εικονογράφος), Vrioni, Jusuf (Μεταφραστής), Zbynonsky, Emmanuelle (Μεταφραστής)
Μορφή: Βιβλίο
Γλώσσα:French
Δημοσίευση: Paris : Arthaud, 1995
Θέματα:
Ετικέτες: Προσθήκη ετικέτας
Δεν υπάρχουν, Καταχωρήστε ετικέτα πρώτοι!

MARC

LEADER 00000nam a2200000 i 4500
001 1/7698
008 970111s1995 fre d
020 |a 2-7003-1062-4 
035 |l 10016802 
040 |a GR-MY-UA  |b gre  |e aacr 
041 0 |a fre 
082 0 |a 949.65 
245 1 0 |a Albanie visage des Balkans :  |b ecrits de lumiere /  |c Texte de Ismail Kadare ; Photographies de Pjeter; Kel et Gege Marubi ; Traduit par Jusuf Vrioni et Emmanuelle Zbynovsky 
260 |a Paris :   |b Arthaud,   |c 1995 
300 |a 142 p.  |b ill. 
651 0 |a Albania. 
700 1 |a Kadare, Ismail.  |4 edt 
700 1 |a Marubi, Gege.  |4 ill 
700 1 |a Vrioni, Jusuf.  |4 trl 
700 1 |a Zbynonsky, Emmanuelle.  |4 trl 
852 |a INST  |b LESVOS  |e 19970111  |h 949.65 ALB  |p 005100011516  |q 005100011516  |t BK  |y 0 
909 |a Λ  |b 049290 
922 |a 1ΕΛΗ  |b 199612  |c ΚΑΡΑΒΑΣ